Normal view
MARC view
Entry Personal Name
001 - CONTROL NUMBER
- control field: 48202
003 - CONTROL NUMBER IDENTIFIER
- control field: ARRUPE
005 - DATE AND TIME OF LATEST TRANSACTION
- control field: 20190920115858.0
008 - FIXED-LENGTH DATA ELEMENTS
- fixed length control field: 190920|| aca||aabn | a|a d
040 ## - CATALOGING SOURCE
- Original cataloging agency: ARRUPE
- Transcribing agency: ARRUPE
100 ## - HEADING--PERSONAL NAME
- Personal name: Makabva, Adam
670 ## - SOURCE DATA FOUND
- Source citation: Work cat.: (ARRUPE): Makabva, Adam, A critical analysis of the logic and reasoning behind colonial education in Africa and its consequences to African reasoning and way of life, 2015